LDR 01065naa#a2200217#i#450# 001 RU\\bibl\121438 005 20260514135927.4 011 ## _a1994-4683 100 ## _a20230531b2023####ek#y0rusy0150####ca 102 ## _aRU 200 1# _aО НЕОБХОДИМОСТИ ВКЛЮЧЕНИЯ ВИДА СПОРТА "КИКБОКСИНГ" В ОБРАЗОВАТЕЛЬНЫЙ ПРОЦЕСС УЧАЩИХСЯ ВЫСШИХ УЧЕБНЫХ ЗАВЕДЕНИЙ _eЖурнальная статья 210 1# _aМосква _cНациональный государственный Университет физической культуры, спорта и здоровья им. П.Ф. Лесгафта _d2023 215 ## _a4 с. 608 ## _aЖурнальная статья _2local 675 ## _aМетоды обучения. Формы преподавания. 378.147 _z 700 #1 _aМихайлов _gА С 700 #1 _aСаламатов _gМ Б 700 #1 _aНюняев _gИ В 700 #1 _aТинюков _gА Б 700 #1 _aСеменцов _gД В 856 4# _auchzapiski.lesgaft.spb.ru _u